000 00540nam a2200169Ia 4500
008 110201s9999 xx 000 0 und d
082 _bB6177
_aK 2097
100 _aसंजीव खांडेकर
245 _aअशांत पर्व
260 _bग्रंथाली प्रकाशन
365 _b60
600 _aसंजीव खांडेकर
630 _aअशांत पर्व
700 _aसंजीव खांडेकर
730 _aअशांत पर्व
942 _cBOOK
999 _c831881
_d831878